zpět

Detail výsledku týmu

Koupák speciál, Neratovice

Datum a čas kvízu

25.5 Celkem bodů Celkový počet nahraných bodů na tomto kvízu bez doplňovacích otázek.
5. Pořadí na kvízu Konečné umístění týmu na tomto kvízu.

Zaznamenané odpovědi

# Otázka Odpověď Body Výsledky
1. V prvním tématu kvízu se zaměř... Mongolsko 0
2. V Guatemale je populární někol... Ring of Fire 0
3. Adrenalinových zážitků si může... Chomutov 1
4. Pokud rádi skáčete po horách,... Kilimandžáro (Uhuru) 1
5. Pokud máte rádi vodu, může vás... Mlýnek na maso 0
6. Pokud místo adrenalinových záž... Djerba 1
7. V Chorvatsku určitě byla alesp... Hvar 1
8. Níže vidíme známou a krásnou p... Modré jeskyně 1
9. Není zdaleka vyloučené, že zde... C 0
10. Pokud si potrpíte na luxus a m... Maledivy 1